[Event "Univé Chess Tournament 2009 - Open"]
[Site "Hoogeveen NED"]
[Date "2009.10.24"]
[Round "9.5"]
[White "Kasparov, Sergey"]
[Black "Riemersma, Li"]
[Result "1/2-1/2"]
[WhiteElo "2488"]
[BlackElo "2431"]
[PlyCount "78"]
[EventDate "2009.10.16"]
[EventType "swiss"]
[EventRounds "9"]
[EventCountry "NED"]
[Source "lmi"]
[SourceDate "2009.10.16"]

1. e4 c5 2. Nf3 e6 3. d4 cxd4 4. Nxd4 Nf6 5. Bd3 Nc6 6. Nxc6 bxc6 7. Nd2 d5 8.
O-O Be7 9. b3 O-O 10. Bb2 a5 11. Rb1 a4 12. b4 Rb8 13. a3 c5 14. Be5 Rb6 15. c3
Nd7 16. Bf4 Ba6 17. Bxa6 Rxa6 18. Qe2 Ra8 19. exd5 exd5 20. Rfd1 Re8 21. Qb5
Qc8 22. h3 h6 23. Be3 Qc7 24. Nf3 d4 25. cxd4 cxb4 26. Rdc1 Qd6 27. axb4 Reb8
28. Qf5 g6 29. Qc2 Rxb4 30. Rxb4 Qxb4 31. Qc6 Nb6 32. Qb7 a3 33. Bd2 Qd6 34.
Ra1 Kg7 35. Bf4 Qxf4 36. Qxe7 Nc4 37. Qc5 Nd2 38. Nxd2 Qxd2 39. Rxa3 Rxa3
1/2-1/2

[Event "Univé Chess Tournament 2009 - Open"]
[Site "Hoogeveen NED"]
[Date "2009.10.24"]
[Round "9.7"]
[White "Van Delft, Merijn"]
[Black "Slingerland, Fred"]
[Result "1/2-1/2"]
[WhiteElo "2374"]
[BlackElo "2395"]
[PlyCount "70"]
[EventDate "2009.10.16"]
[EventType "swiss"]
[EventRounds "9"]
[EventCountry "NED"]
[Source "lmi"]
[SourceDate "2009.10.16"]

1. e4 c5 2. Nf3 Nc6 3. d4 cxd4 4. Nxd4 Nf6 5. Nc3 d6 6. Bg5 e6 7. Qd2 a6 8.
O-O-O Bd7 9. f3 b5 10. Kb1 Be7 11. Be3 Ne5 12. Bd3 b4 13. Nce2 d5 14. exd5 Nxd5
15. Nf4 Nxe3 16. Qxe3 Nxd3 17. Nxd3 Qc7 18. Ne5 Rd8 19. Qe4 O-O 20. Ndc6 Bxc6
21. Nxc6 Rxd1+ 22. Rxd1 Bf6 23. f4 a5 24. Ne5 Rd8 25. Rxd8+ Qxd8 26. a3 bxa3
27. bxa3 h5 28. Ka2 h4 29. Kb3 Qd2 30. Ka4 Bxe5 31. fxe5 Qc3 32. h3 g6 33. Qe2
Kg7 34. Qe4 Kg8 35. Qe2 Kg7 1/2-1/2

[Event "Univé Chess Tournament 2009 - Open"]
[Site "Hoogeveen NED"]
[Date "2009.10.24"]
[Round "9.8"]
[White "Willemze, Thomas"]
[Black "Grooten, Herman"]
[Result "1-0"]
[WhiteElo "2391"]
[BlackElo "2328"]
[PlyCount "75"]
[EventDate "2009.10.16"]
[EventType "swiss"]
[EventRounds "9"]
[EventCountry "NED"]
[Source "lmi"]
[SourceDate "2009.10.16"]

1. e4 e5 2. Nf3 Nc6 3. Nc3 Nf6 4. Bb5 Bd6 5. a3 Ne7 6. d3 c6 7. Bc4 Ng6 8. h4
Bc7 9. h5 Nf8 10. Bg5 h6 11. Bh4 d6 12. d4 Qe7 13. Nh2 Ne6 14. Bxe6 Bxe6 15. d5
Bd7 16. Qf3 Bd8 17. O-O-O c5 18. Nf1 g5 19. hxg6 fxg6 20. Qe2 Rb8 21. Nd2 b5
22. Rde1 Qg7 23. f4 b4 24. Ncb1 bxa3 25. Nxa3 exf4 26. e5 Nxd5 27. Bf6 Qg8 28.
Bxh8 Qxh8 29. Qe4 Ne7 30. Nac4 Nf5 31. exd6+ Kf8 32. Ne5 Qg7 33. Qxf4 Bg5 34.
Qc4 Ne3 35. Nxd7+ Qxd7 36. Qc3 Qb5 37. b3 Kg8 38. Rxe3 1-0

[Event "Univé Chess Tournament 2009 - Open"]
[Site "Hoogeveen NED"]
[Date "2009.10.24"]
[Round "9.9"]
[White "Heemskerk, Wim"]
[Black "Van Oosterom, Chiel"]
[Result "1/2-1/2"]
[WhiteElo "2236"]
[BlackElo "2386"]
[PlyCount "118"]
[EventDate "2009.10.16"]
[EventType "swiss"]
[EventRounds "9"]
[EventCountry "NED"]
[Source "lmi"]
[SourceDate "2009.10.16"]

1. Nf3 g6 2. c4 Bg7 3. Nc3 d6 4. g3 f5 5. Bg2 Nf6 6. O-O O-O 7. d3 a5 8. Rb1 c6
9. a3 Na6 10. b4 Nc7 11. b5 Qe8 12. bxc6 bxc6 13. Na4 Nd7 14. Be3 e5 15. Qd2
Ne6 16. Ng5 Nd8 17. Nb6 Nxb6 18. Bxb6 Ra6 19. Bxa5 h6 20. Nf3 Nb7 21. Bc3 Rxa3
22. Ne1 Ra7 23. Nc2 Be6 24. Nb4 Nd8 25. Ra1 Rff7 26. Rxa7 Rxa7 27. Ra1 Rxa1+
28. Bxa1 Qd7 29. Qa2 Qb7 30. Bc3 h5 31. Qa6 Qxa6 32. Nxa6 e4 33. Bxg7 Kxg7 34.
Kf1 Kf6 35. Ke1 g5 36. Kd2 d5 37. cxd5 cxd5 38. d4 Nf7 39. Nc5 Nd6 40. e3 Nc4+
41. Ke2 Bf7 42. Na4 Be8 43. Nc3 Bc6 44. f3 Nd6 45. Kf2 Ke6 46. Bf1 Ne8 47. Ba6
Kd7 48. Ke2 Nf6 49. Kf2 Kc7 50. Be2 Kb6 51. fxe4 fxe4 52. h4 g4 53. Bf1 Ka5 54.
Ne2 Be8 55. Nf4 Bf7 56. Be2 Ne8 57. Bd1 Kb4 58. Be2 Ka5 59. Bd1 Kb4 1/2-1/2

[Event "Univé Chess Tournament 2009 - Open"]
[Site "Hoogeveen NED"]
[Date "2009.10.24"]
[Round "9.12"]
[White "Vul, Arkadi Eremeevich"]
[Black "Klein, David"]
[Result "1/2-1/2"]
[WhiteElo "2309"]
[BlackElo "2248"]
[PlyCount "25"]
[EventDate "2009.10.16"]
[EventType "swiss"]
[EventRounds "9"]
[EventCountry "NED"]
[Source "lmi"]
[SourceDate "2009.10.16"]

1. Nf3 Nf6 2. c4 g6 3. g3 Bg7 4. d4 O-O 5. Bg2 d6 6. O-O Nc6 7. Nc3 a6 8. b3
Rb8 9. e3 b5 10. Nd2 Bg4 11. f3 Bd7 12. Bb2 e5 13. d5 1/2-1/2

[Event "Univé Chess Tournament 2009 - Open"]
[Site "Hoogeveen NED"]
[Date "2009.10.24"]
[Round "9.13"]
[White "Van Kooten, Luuk"]
[Black "Haast, Anne"]
[Result "1-0"]
[WhiteElo "2292"]
[BlackElo "2215"]
[PlyCount "53"]
[EventDate "2009.10.16"]
[EventType "swiss"]
[EventRounds "9"]
[EventCountry "NED"]
[Source "lmi"]
[SourceDate "2009.10.16"]

1. d4 Nf6 2. c4 c5 3. d5 e6 4. Nc3 exd5 5. cxd5 d6 6. e4 g6 7. Bd3 Bg7 8. Nge2
O-O 9. O-O a6 10. a4 Re8 11. Ng3 Ng4 12. h3 Ne5 13. Be2 Qh4 14. Be3 f5 15. Qd2
h6 16. exf5 Bxf5 17. a5 Kh7 18. Ra4 Qe7 19. Nxf5 gxf5 20. Rf4 Rf8 21. Qc2 Kh8
22. Rxf5 Nbd7 23. Rxf8+ Rxf8 24. Qd2 Qf6 25. f4 Ng6 26. Bg4 Rf7 27. Be6 1-0

[Event "Univé Chess Tournament 2009 - Open"]
[Site "Hoogeveen NED"]
[Date "2009.10.24"]
[Round "9.16"]
[White "Beijerinck, Nick"]
[Black "Afek, Yochanan"]
[Result "0-1"]
[WhiteElo "2044"]
[BlackElo "2303"]
[PlyCount "50"]
[EventDate "2009.10.16"]
[EventType "swiss"]
[EventRounds "9"]
[EventCountry "NED"]
[Source "lmi"]
[SourceDate "2009.10.16"]

1. e4 c5 2. Nf3 Nc6 3. d4 cxd4 4. Nxd4 g6 5. Nc3 Bg7 6. Be3 Nf6 7. Bc4 O-O 8.
Bb3 d6 9. f3 Bd7 10. Qd2 Nxd4 11. Bxd4 b5 12. Nd5 Nxd5 13. Bxg7 Kxg7 14. Bxd5
Rc8 15. c3 Qb6 16. h4 h5 17. g4 hxg4 18. h5 gxf3 19. O-O-O Rh8 20. Qg5 e6 21.
hxg6 f6 22. Qg4 Qe3+ 23. Kb1 Qg5 24. Qxf3 exd5 25. Rhg1 dxe4 0-1

[Event "Univé Chess Tournament 2009 - Open"]
[Site "Hoogeveen NED"]
[Date "2009.10.24"]
[Round "9.19"]
[White "Ootes, Lars"]
[Black "Sparenberg, Erik"]
[Result "1-0"]
[WhiteElo "2384"]
[BlackElo "2076"]
[PlyCount "127"]
[EventDate "2009.10.16"]
[EventType "swiss"]
[EventRounds "9"]
[EventCountry "NED"]
[Source "lmi"]
[SourceDate "2009.10.16"]

1. e4 e5 2. Nf3 Nc6 3. Bb5 a6 4. Ba4 Nf6 5. O-O Be7 6. Re1 b5 7. Bb3 O-O 8. d4
d6 9. c3 Bb7 10. Nbd2 Re8 11. Nf1 Bf8 12. Ng3 Na5 13. Bc2 c5 14. d5 g6 15. b3
Bc8 16. h3 Nb7 17. Bg5 h6 18. Be3 Kh7 19. Nh2 Bg7 20. Bd3 Bd7 21. Be2 a5 22. a4
b4 23. Qc2 Ng8 24. Bd2 Bf6 25. Bd3 Bg5 26. Nf3 Bf6 27. Nh2 Bg5 28. Nhf1 Qe7 29.
Ne3 Ra7 30. Nc4 Qd8 31. Rf1 Bc8 32. Rae1 f6 33. f4 Bxf4 34. Bxf4 exf4 35. Ne2
g5 36. e5+ Kh8 37. e6 Bxe6 38. dxe6 d5 39. Nd2 Qd6 40. cxb4 axb4 41. Bg6 Rf8
42. Nc1 Nd8 43. Bf5 Nc6 44. Nf3 Nge7 45. Bg4 c4 46. Qf2 Rc7 47. Rd1 Ne5 48. Nd4
Qa6 49. Bh5 Qc8 50. Nb5 Rc5 51. Nd6 Qc6 52. Nb7 Rb5 53. axb5 Qxb7 54. Qc5 Rc8
55. Qxb4 Nf5 56. e7 Nxe7 57. Qd6 Kg7 58. Qe6 cxb3 59. Nxb3 Rc3 60. Nd4 Re3 61.
Qxe7+ Qxe7 62. Nf5+ Kf8 63. Nxe7 Kxe7 64. Rxd5 1-0

[Event "Univé Chess Tournament 2009 - Open"]
[Site "Hoogeveen NED"]
[Date "2009.10.24"]
[Round "9.20"]
[White "De Jong, Migchiel"]
[Black "Beukema, Stefan"]
[Result "1-0"]
[WhiteElo "2373"]
[BlackElo "2032"]
[PlyCount "89"]
[EventDate "2009.10.16"]
[EventType "swiss"]
[EventRounds "9"]
[EventCountry "NED"]
[Source "lmi"]
[SourceDate "2009.10.16"]

1. e4 e5 2. Nf3 Nc6 3. Bb5 a6 4. Ba4 Nf6 5. O-O Be7 6. Re1 b5 7. Bb3 d6 8. c3
O-O 9. a4 b4 10. a5 Rb8 11. Bc4 bxc3 12. dxc3 Na7 13. Nbd2 Nb5 14. Nf1 c6 15.
Ng3 Be6 16. Bxe6 fxe6 17. c4 Na7 18. c5 d5 19. Nxe5 Bxc5 20. Nd3 Bb4 21. Nxb4
Rxb4 22. exd5 exd5 23. b3 c5 24. Ba3 Rb5 25. Nf5 Nc6 26. Re6 Qd7 27. Rxc6 Qxf5
28. Bxc5 Ng4 29. Bd4 Nxf2 30. Rc7 Rf6 31. Qe1 Nh3+ 32. Kh1 Nf2+ 33. Bxf2 Qxf2
34. Rc8+ Rf8 35. Qxf2 Rxc8 36. Rf1 h6 37. Qf7+ Kh8 38. Qe6 Ra8 39. Qc6 Rab8 40.
Qxa6 Rxb3 41. h3 d4 42. Qd6 d3 43. a6 d2 44. a7 Ra8 45. Qd5 1-0

[Event "Univé Chess Tournament 2009 - Open"]
[Site "Hoogeveen NED"]
[Date "2009.10.24"]
[Round "9.21"]
[White "Stavast, Dick"]
[Black "Vinke, Andreas"]
[Result "1/2-1/2"]
[WhiteElo "1998"]
[BlackElo "2232"]
[PlyCount "140"]
[EventDate "2009.10.16"]
[EventType "swiss"]
[EventRounds "9"]
[EventCountry "NED"]
[Source "lmi"]
[SourceDate "2009.10.16"]

1. Nf3 e6 2. g3 d5 3. Bg2 c5 4. O-O Nc6 5. d4 cxd4 6. Nxd4 Qb6 7. Nxc6 bxc6 8.
c4 Nf6 9. Nc3 Bb7 10. cxd5 cxd5 11. Be3 Qa5 12. a3 Be7 13. b4 Qd8 14. Qb3 O-O
15. h3 Nd7 16. Rfd1 Nb6 17. Na4 Nxa4 18. Qxa4 Qe8 19. Qb3 Ba6 20. Rd2 Bc4 21.
Qb2 Qb5 22. Bd4 f6 23. Bc3 e5 24. e3 Rac8 25. Kh2 Rfd8 26. f4 d4 27. exd4 exf4
28. gxf4 Qf5 29. Rf2 Bd6 30. Bd2 Bb8 31. Rc1 Qd3 32. Bf1 Qxd4 33. Qxd4 Rxd4 34.
Bxc4+ Rcxc4 35. Rxc4 Rxc4 36. Kg2 Rd4 37. Bc1 Kf7 38. Rc2 Kg6 39. Rc8 Bd6 40.
Ra8 Rc4 41. Be3 Rc3 42. Kf2 Rxa3 43. Rxa7 Rxa7 44. Bxa7 Bxb4 45. Kf3 Bd2 46.
Kg4 h5+ 47. Kf3 Kf5 48. Bb8 g6 49. Bc7 Ke6 50. Ke4 Bb4 51. Bb6 f5+ 52. Kf3 Kd5
53. Bf2 Bc5 54. Be1 Kd4 55. Bf2+ Kc4 56. Be1 Kd3 57. Ba5 Bd4 58. Be1 Bc3 59.
Bh4 Kd2 60. Bf2 Kd1 61. Ba7 Ke1 62. Bf2+ Kf1 63. Bb6 Bd2 64. Bc5 Be1 65. Bd4 h4
66. Bc5 Bg3 67. Bd4 Bxf4 68. Kxf4 Kg2 69. Bf6 Kxh3 70. Bg5 Kh2 1/2-1/2

[Event "Univé Chess Tournament 2009 - Open"]
[Site "Hoogeveen NED"]
[Date "2009.10.24"]
[Round "9.22"]
[White "Admiraal, Miguoel"]
[Black "Warmelink, Evie"]
[Result "1-0"]
[WhiteElo "2194"]
[BlackElo "1941"]
[PlyCount "43"]
[EventDate "2009.10.16"]
[EventType "swiss"]
[EventRounds "9"]
[EventCountry "NED"]
[Source "lmi"]
[SourceDate "2009.10.16"]

1. e4 c5 2. Nf3 d6 3. d4 cxd4 4. Nxd4 Nf6 5. Nc3 e6 6. Be2 Be7 7. O-O O-O 8. f4
Nc6 9. Be3 Bd7 10. Nb3 a6 11. a4 e5 12. Qd2 exf4 13. Bxf4 Be6 14. Rad1 Bxb3 15.
cxb3 Qb6+ 16. Kh1 Qxb3 17. Rf3 Qb6 18. Be3 Qc7 19. Rdf1 Ne5 20. Rxf6 Bxf6 21.
Nd5 Qd8 22. Rxf6 1-0

[Event "Univé Chess Tournament 2009 - Open"]
[Site "Hoogeveen NED"]
[Date "2009.10.24"]
[Round "9.23"]
[White "Pijpers, Arthur"]
[Black "Mostertman, Milan"]
[Result "1/2-1/2"]
[WhiteElo "2190"]
[BlackElo "2138"]
[PlyCount "35"]
[EventDate "2009.10.16"]
[EventType "swiss"]
[EventRounds "9"]
[EventCountry "NED"]
[Source "lmi"]
[SourceDate "2009.10.16"]

1. e4 c5 2. Nf3 d6 3. d4 cxd4 4. Nxd4 Nf6 5. Nc3 g6 6. Be3 Bg7 7. f3 Nc6 8. Qd2
O-O 9. Bc4 Bd7 10. Bb3 Nxd4 11. Bxd4 b5 12. h4 a5 13. a4 bxa4 14. Nxa4 Be6 15.
Nb6 Ra6 16. Nd5 Bxd5 17. exd5 Qc7 18. O-O 1/2-1/2

[Event "Univé Chess Tournament 2009 - Open"]
[Site "Hoogeveen NED"]
[Date "2009.10.24"]
[Round "9.26"]
[White "Hendriks, Richard"]
[Black "Potze, Rudolf"]
[Result "1-0"]
[WhiteElo "2117"]
[BlackElo "2156"]
[PlyCount "109"]
[EventDate "2009.10.16"]
[EventType "swiss"]
[EventRounds "9"]
[EventCountry "NED"]
[Source "lmi"]
[SourceDate "2009.10.16"]

1. e4 c5 2. Nf3 Nc6 3. d4 cxd4 4. Nxd4 Nf6 5. Nc3 e5 6. Ndb5 d6 7. Bg5 a6 8.
Na3 b5 9. Bxf6 gxf6 10. Nd5 f5 11. c3 Bg7 12. Bd3 Ne7 13. Nxe7 Qxe7 14. O-O f4
15. c4 bxc4 16. Nxc4 O-O 17. Bc2 Rd8 18. Nb6 Rb8 19. Nxc8 Rdxc8 20. Bb3 Bf8 21.
Qg4+ Kh8 22. Rac1 Rd8 23. Rc3 Qf6 24. Rc7 Be7 25. Qh5 Kg7 26. Rfc1 Rf8 27. Ra7
Ra8 28. Rac7 Rab8 29. R1c3 Bd8 30. Rd7 Bb6 31. Rc6 Bc5 32. Rcc7 Rxb3 33. axb3
a5 34. h3 Qg6 35. Qxg6+ hxg6 36. Kf1 Kf6 37. Ke2 Ke6 38. Re7+ Kf6 39. g4 fxg3
40. fxg3 Bb4 41. Red7 Bc5 42. h4 g5 43. hxg5+ Kxg5 44. Rxf7 Rb8 45. Rb7 Rh8 46.
Rg7+ Kf6 47. Rbf7+ Ke6 48. Rh7 Rb8 49. Rb7 Rf8 50. Rh6+ Rf6 51. Rxf6+ Kxf6 52.
Kf3 Ke6 53. Rb5 Bb4 54. g4 Be1 55. Rd5 1-0

[Event "Univé Chess Tournament 2009 - Open"]
[Site "Hoogeveen NED"]
[Date "2009.10.24"]
[Round "9.27"]
[White "Hortensius, Lisa"]
[Black "Hummel, Joop"]
[Result "1-0"]
[WhiteElo "2042"]
[BlackElo "2025"]
[PlyCount "81"]
[EventDate "2009.10.16"]
[EventType "swiss"]
[EventRounds "9"]
[EventCountry "NED"]
[Source "lmi"]
[SourceDate "2009.10.16"]

1. e4 e5 2. Nc3 d6 3. Bc4 Nf6 4. d3 c6 5. f4 exf4 6. Bxf4 Be7 7. Nf3 O-O 8. Bb3
Qb6 9. Qd2 a5 10. Be3 Qc7 11. a4 Bg4 12. O-O Nbd7 13. Kh1 Ne5 14. Qf2 Bxf3 15.
gxf3 Qd7 16. Qg2 Kh8 17. Rg1 Ng6 18. f4 d5 19. exd5 Nxd5 20. Nxd5 cxd5 21. Qxd5
Qh3 22. Rg3 Qc8 23. f5 Bh4 24. Rg4 Ne7 25. Qe4 Bf6 26. Rf1 Nc6 27. d4 Re8 28.
Qf3 Qd7 29. c3 Re7 30. Bg5 Qd6 31. Rfg1 Bxg5 32. Rxg5 f6 33. Rh5 h6 34. Be6
Rae8 35. Rg6 Nd8 36. Rhxh6+ gxh6 37. Rxh6+ Rh7 38. Rxh7+ Kxh7 39. Qh5+ Kg7 40.
Qg6+ Kf8 41. Qxf6+ 1-0

[Event "Univé Chess Tournament 2009 - Open"]
[Site "Hoogeveen NED"]
[Date "2009.10.24"]
[Round "9.28"]
[White "Vedder, Richard"]
[Black "Galje, Hans"]
[Result "1-0"]
[WhiteElo "2349"]
[BlackElo "2139"]
[PlyCount "85"]
[EventDate "2009.10.16"]
[EventType "swiss"]
[EventRounds "9"]
[EventCountry "NED"]
[Source "lmi"]
[SourceDate "2009.10.16"]

1. e4 e6 2. d4 d5 3. Nc3 Bb4 4. e5 c5 5. a3 Bxc3+ 6. bxc3 Qc7 7. Qg4 f5 8. Qg3
Nc6 9. Nf3 cxd4 10. cxd4 Nge7 11. Be2 O-O 12. O-O Na5 13. Bd3 Bd7 14. h4 Be8
15. Ng5 Bf7 16. Rb1 Nc4 17. Nh3 Kh8 18. Qf3 b6 19. g4 Bg8 20. Kh1 Rac8 21. Rg1
Qd7 22. Nf4 fxg4 23. Qxg4 Nf5 24. h5 Nh6 25. Qh3 Rxf4 26. Bxf4 Nf5 27. h6 g6
28. Bxf5 exf5 29. Qh4 Rc6 30. Rb3 Re6 31. Rbg3 Bf7 32. Bg5 Kg8 33. Bf6 Qe8 34.
Rg5 Nxa3 35. Rxf5 Nxc2 36. Rf3 a5 37. Rc3 Rc6 38. Rxc6 Qxc6 39. Bg7 Qe6 40. Rg3
Nb4 41. Qd8+ Qe8 42. Qxb6 Nc6 43. Rc3 1-0

[Event "Univé Chess Tournament 2009 - Open"]
[Site "Hoogeveen NED"]
[Date "2009.10.24"]
[Round "9.29"]
[White "Cako, Laszlo"]
[Black "Mol, Christiaan"]
[Result "1-0"]
[WhiteElo "2159"]
[BlackElo "2079"]
[PlyCount "43"]
[EventDate "2009.10.16"]
[EventType "swiss"]
[EventRounds "9"]
[EventCountry "NED"]
[Source "lmi"]
[SourceDate "2009.10.16"]

1. e4 c5 2. Nf3 Nc6 3. d4 cxd4 4. Nxd4 Nf6 5. Nc3 e5 6. Ndb5 d6 7. Bg5 a6 8.
Na3 b5 9. Nd5 Be7 10. Nxe7 Nxe7 11. Bd3 Bb7 12. Bxf6 gxf6 13. Qh5 d5 14. O-O-O
Qc7 15. Qh6 dxe4 16. Bxb5+ axb5 17. Nxb5 Qc6 18. Nd6+ Kd7 19. Qxf6 Nd5 20. Rxd5
Qxd5 21. Rd1 Qxa2 22. Nc4+ 1-0

[Event "Univé Chess Tournament 2009 - Open"]
[Site "Hoogeveen NED"]
[Date "2009.10.24"]
[Round "9.30"]
[White "Ypma, Peter"]
[Black "Sadallah, Osama"]
[Result "0-1"]
[WhiteElo "2052"]
[BlackElo "2156"]
[PlyCount "83"]
[EventDate "2009.10.16"]
[EventType "swiss"]
[EventRounds "9"]
[EventCountry "NED"]
[Source "lmi"]
[SourceDate "2009.10.16"]

1. e4 c5 2. c3 g6 3. d4 cxd4 4. cxd4 d5 5. exd5 Nf6 6. Bb5+ Nbd7 7. Nc3 Bg7 8.
Bf4 a6 9. Ba4 b5 10. Bb3 Bb7 11. Nf3 b4 12. Ne2 Nxd5 13. O-O Nxf4 14. Nxf4 O-O
15. Ng5 Qb6 16. Rc1 Nf6 17. Nxf7 Rxf7 18. Bxf7+ Kxf7 19. Qb3+ e6 20. Qxe6+ Qxe6
21. Nxe6 Nd5 22. Nxg7 Kxg7 23. Rfe1 Rd8 24. h4 Kh6 25. f3 Rd7 26. Re5 Nf4 27.
Rd1 Bd5 28. a3 b3 29. Rd2 Rc7 30. Re1 Rc2 31. Red1 Kg7 32. Kf2 Nd3+ 33. Ke2 Bc4
34. Rg1 Kf6 35. Ke3 Nxb2 36. Rxc2 bxc2 37. Kd2 Bb3 38. Re1 a5 39. a4 Nxa4 40.
Ra1 Nb6 41. d5 a4 42. d6 0-1